000 00707nam a2200229Ia 4500
003 GCL
008 140319s9999 xx 000 0 ara d
040 _aGCL /
_cGCL
082 0 4 _a915.3103101
_bق د
100 1 _aقسم الاثار والمتاحف
245 1 0 _aدراسات فى الاثار : الكتاب الاول بحوث علمية محكمة . /
_cقسم الاثار والمتاحف
260 _a[S.N] :
_bمطابع جامعة الملك سعود ،
_c1992
300 _aمتعدد
490 _a
650 0 4 _aالعلم
650 0 4 _aالحضارة
650 0 4 _aالتربة
650 0 4 _aالاثار
650 0 4 _aالفن
650 0 4 _aالحفريات
942 _2ddc
_cBK
999 _c35197
_d35197